书目信息 |
| 题名: |
亚洲的超越
|
|
| 作者: | 李晓 , 丁一兵 著 | |
| 分册: | ||
| 出版信息: | 北京 当代中国出版社 2006 |
|
| 页数: | 351页 | |
| 开本: | 24cm | |
| 丛书名: | ||
| 单 册: | ||
| 中图分类: | F821.1 | |
| 科图分类: | ||
| 主题词: | 国际货币体系--研究--东亚 , 人民币(元)--研究 | |
| 电子资源: | ||
| ISBN: | 7-80170-414-2 | |
| 000 | 01430nam0 2200313 450 | |
| 000 | 01393nam0 2200301 450 | |
| 000 | 01363nam0 2200301 450 | |
| 000 | 01309nam0 2200277 450 | |
| 000 | 01327nam0 2200265 450 | |
| 000 | 01290nam0 2200253 45 | |
| 005 | 20070111103343.56 | |
| 010 | @a7-80170-414-2@dCNY42.00 | |
| 100 | @a20060829d2006 ekmy0chiy0120 ea | |
| 101 | 0 | @achi |
| 102 | @aCN@b110000 | |
| 105 | @ay z 000yy | |
| 200 | 1 | @a亚洲的超越@AYa Zhou De Chao Yue@e构建东亚区域货币体系与“人民币亚洲化”@EGou Jian Dong Ya Qu Yu Huo Bi Ti Xi Yu“ Ren Min Bi Ya Zhou Hua”@f李晓,丁一兵著@FLi Xiao, Ding Yi Bing Zhu |
| 210 | @a北京@c当代中国出版社@d2006 | |
| 215 | @a351页@d24cm | |
| 330 | @a本书系教育部人文社会科学研究博士点基金项目和教育部优秀青年教师基金项目的研究成果。书中的许多观点和分析是开拓性的,在理论上和实践上具有重大意义。作者在理论和实践两个方面,利用先进的理论与实证分析方法及大量翔实的数据,分析了东亚区域货币合作的背景、可行性和路径选择,并通过分析中国经济发展在东亚经济发展中的地位与作用,论述了人民币亚洲化的必要性、可行性及策略和步骤。 | |
| 606 | 0 | @a国际货币体系@x研究@y东亚 |
| 606 | 0 | @a人民币(元)@x研究 |
| 690 | @aF821.1@v4 | |
| 701 | 0 | @a李晓@ALi Xiao@4著 |
| 701 | 0 | @a丁一兵@ADing Yi Bing@4著 |
| 801 | 0 | @aCN@b中图数据@c20070111 |
| 905 | @a10447@dF821.1@e42 | |
| 亚洲的超越:构建东亚区域货币体系与“人民币亚洲化”/李晓,丁一兵著.-北京:当代中国出版社,2006 |
| 351页;24cm |
| ISBN 7-80170-414-2:CNY42.00 |
| 本书系教育部人文社会科学研究博士点基金项目和教育部优秀青年教师基金项目的研究成果。书中的许多观点和分析是开拓性的,在理论上和实践上具有重大意义。作者在理论和实践两个方面,利用先进的理论与实证分析方法及大量翔实的数据,分析了东亚区域货币合作的背景、可行性和路径选择,并通过分析中国经济发展在东亚经济发展中的地位与作用,论述了人民币亚洲化的必要性、可行性及策略和步骤。 |
| ● |
| 相关链接 |
|
|
|
|
正题名:亚洲的超越
索取号:F821.1/42
 
预约/预借
| 序号 | 登录号 | 条形码 | 馆藏地/架位号 | 状态 | 备注 |
| 1 | 0616956 | 206169563 | 第一样本阅览室/ [索取号:F821.1/42] | 在馆 | |
| 2 | 0616957 | 206169572 | 第一借阅区/ [索取号:F821.1/42] | 在馆 | |
| 3 | 0616958 | 206169581 | 第一借阅区/ [索取号:F821.1/42] | 在馆 | |
| 4 | 0616959 | 206169590 | 第一借阅区/ [索取号:F821.1/42] | 在馆 | |
| 5 | 0616960 | 206169607 | 第一借阅区/ [索取号:F821.1/42] | 在馆 |